<?xml version="1.0" encoding="UTF-8"?>
<marc:record xmlns:marc="http://www.loc.gov/MARC21/slim">
   <marc:leader>00000nam a2200000 a 4500</marc:leader>
   <marc:datafield ind1="1" ind2=" " tag="100">
      <marc:subfield code="a">Brensing, Karsten</marc:subfield>
      <marc:subfield code="4">aut</marc:subfield>
      <marc:subfield code="e">Verfasser/-in</marc:subfield>
   </marc:datafield>
   <marc:datafield ind1="1" ind2=" " tag="100">
      <marc:subfield code="a">Linke, Katrin</marc:subfield>
      <marc:subfield code="4">aut</marc:subfield>
      <marc:subfield code="e">Verfasser/-in</marc:subfield>
   </marc:datafield>
   <marc:datafield ind1=" " ind2=" " tag="653">
      <marc:subfield code="a">Sachbücher und Sachbilderbücher für Kinder und Jugendliche</marc:subfield>
   </marc:datafield>
   <marc:datafield ind1=" " ind2=" " tag="653">
      <marc:subfield code="a">Kinderbuch Steinzeit</marc:subfield>
   </marc:datafield>
   <marc:datafield ind1=" " ind2=" " tag="653">
      <marc:subfield code="a">KI Sachbuch für Kinder</marc:subfield>
   </marc:datafield>
   <marc:datafield ind1=" " ind2=" " tag="653">
      <marc:subfield code="a">Evolution Kinderbuch ab 9</marc:subfield>
   </marc:datafield>
   <marc:datafield ind1=" " ind2=" " tag="653">
      <marc:subfield code="a">Buch Entstehung des Lebens</marc:subfield>
   </marc:datafield>
   <marc:datafield ind1=" " ind2=" " tag="653">
      <marc:subfield code="a">Kinderbuch mit Experimenten</marc:subfield>
   </marc:datafield>
   <marc:datafield ind1=" " ind2=" " tag="653">
      <marc:subfield code="a">Sozialforschung Sachbuch ab 9</marc:subfield>
   </marc:datafield>
   <marc:datafield ind1=" " ind2=" " tag="653">
      <marc:subfield code="a">Zukunft des Menschen Kinderbuch</marc:subfield>
   </marc:datafield>
   <marc:datafield ind1=" " ind2=" " tag="653">
      <marc:subfield code="a">Kinderbuch Menschheitsgeschichte</marc:subfield>
   </marc:datafield>
   <marc:datafield ind1=" " ind2=" " tag="653">
      <marc:subfield code="a">Sachbuch über den Menschen ab 9</marc:subfield>
   </marc:datafield>
   <marc:datafield ind1=" " ind2=" " tag="653">
      <marc:subfield code="a">Verantwortung der Menschheit Buch</marc:subfield>
   </marc:datafield>
   <marc:datafield ind1=" " ind2=" " tag="653">
      <marc:subfield code="a">Kinderbuch Künstliche Intelligenz</marc:subfield>
   </marc:datafield>
   <marc:datafield ind1=" " ind2=" " tag="653">
      <marc:subfield code="a">Wie wir Menschen die Welt eroberten</marc:subfield>
   </marc:datafield>
   <marc:datafield ind1=" " ind2=" " tag="653">
      <marc:subfield code="a">Die Magie der Gemeinschaft Karsten Brensing</marc:subfield>
   </marc:datafield>
   <marc:datafield ind1=" " ind2=" " tag="653">
      <marc:subfield code="a">MENSCH! Eine Zeitreise durch unsere Evolution</marc:subfield>
   </marc:datafield>
   <marc:datafield ind1=" " ind2=" " tag="653">
      <marc:subfield code="a">Wissenschaftliches Kinderbuch leicht erklärt</marc:subfield>
   </marc:datafield>
   <marc:datafield ind1="0" ind2="0" tag="245">
      <marc:subfield code="a">Echt menschlich!</marc:subfield>
   </marc:datafield>
   <marc:datafield ind1="0" ind2="0" tag="245">
      <marc:subfield code="b">Eine Reise von der Steinzeit bis ins Zeitalter künstlicher Intelligenz - Was uns Menschen so besonders macht - Faszinierendes Sachbuch für Kinder ab 9 Jahren</marc:subfield>
   </marc:datafield>
   <marc:datafield ind1="0" ind2="0" tag="245">
      <marc:subfield code="c">Brensing, Karsten</marc:subfield>
   </marc:datafield>
   <marc:datafield ind1=" " ind2="1" tag="264">
      <marc:subfield code="a">Bindlach</marc:subfield>
      <marc:subfield code="b">Loewe</marc:subfield>
      <marc:subfield code="c">2026</marc:subfield>
   </marc:datafield>
   <marc:datafield ind1=" " ind2=" " tag="250">
      <marc:subfield code="a">1. Auflage</marc:subfield>
   </marc:datafield>
   <marc:datafield ind1="1" ind2=" " tag="520">
      <marc:subfield code="a">Warum wir sind, wie wir sind&#xD;
Wusstest du, dass wir Menschen vor 900.000 Jahren schon einmal fast ausgestorben waren? Oder dass sich unser Gehirn seit der Steinzeit kaum verändert hat? Und kannst du dir vorstellen, dass wir in der Zukunft vielleicht ewig leben werden?&#xD;
&#xD;
Der Biologe Karsten Brensing und die Wissenschaftsjournalistin Katrin Linke nehmen uns mit auf eine Reise durch die Geschichte der Menschheit. Wir erfahren, was uns Menschen ausmacht, was uns beeinflusst und antreibt, was uns zu einer erfolgreichen Spezies macht – und warum wir das Tier in uns bei allem Fortschritt dennoch nicht vernachlässigen sollten.&#xD;
&#xD;
Welche Fragen zur Entwicklung des Menschen, zu unserem Gehirn und zur Zukunft der Menschheit im KI-Zeitalter interessieren Kinder besonders? &#xD;
                &#xD;
                    Verblüffendes Sachbuch für Kinder ab 9 Jahren und alle Altersgruppen &#xD;
                    Vom Bestseller-Autor*innen-Duo Karsten Brensing und Katrin Linke&#xD;
                    Kombiniert die starken Themen Evolution, Menschheitsgeschichte, Sozialforschung und Künstliche Intelligenz&#xD;
                    Kurze Kapitel mit anschaulichen Fotos, Infokästen und vielen bunten Illustrationen&#xD;
                    Topaktueller Stand von Wissenschaft und Forschung – leicht verständlich erklärt&#xD;
                    Umfangreicher Wissensschatz: So macht Lernen Spaß!&#xD;
                    Mit vielen spannenden Experimenten zum Selbstausprobieren&#xD;
                    Humorvoll illustriert von Nikolai Renger&#xD;
                    Ansprechendes Format – perfekt geeignet für Kinderhände&#xD;
                    Das ideale Geschenk für alle schlauen Mädchen, Jungen und die ganze Familie</marc:subfield>
   </marc:datafield>
   <marc:datafield ind1=" " ind2=" " tag="020">
      <marc:subfield code="a">9783743212329</marc:subfield>
      <marc:subfield code="9">9783743212329</marc:subfield>
   </marc:datafield>
   <marc:datafield ind1=" " ind2=" " tag="020">
      <marc:subfield code="a">3743212323</marc:subfield>
      <marc:subfield code="9">3743212323</marc:subfield>
   </marc:datafield>
   <marc:datafield ind1=" " ind2=" " tag="041">
      <marc:subfield code="a">ger</marc:subfield>
   </marc:datafield>
   <marc:datafield ind1=" " ind2=" " tag="338">
      <marc:subfield code="a">Band</marc:subfield>
   </marc:datafield>
   <marc:datafield ind1=" " ind2=" " tag="300">
      <marc:subfield code="a">160 Seiten</marc:subfield>
   </marc:datafield>
</marc:record>
